NE OKURSAN O OLURSUN (Kayıt no. 1161226)

MARC ayrıntıları
000 -LEADER
sabit uzunluktaki kontrol alanı 00250nam a2200097Ia 4500
001 - KONTROL NUMARASI
kontrol alanı 1161226
005 - EN SON İŞLEMİN TARİH VE ZAMANI
kontrol alanı 20250827011621.0
008 - SABİT-UZUNLUKTA VERİ ÖĞELERİ--GENEL BİLGİ
sabit uzunluktaki kontrol alanı 250824s9999 xx 000 0 und d
245 #0 - ESER / YAZAR
ESER ADI NE OKURSAN O OLURSUN
Yazar Adı ROBERT DİYANNİ
260 ## - YAYIN, DAĞITIM, VB.
YAYIN EVİ ANTRE YAYINLARI
Mevcut
Düşüm durumu Kayıp durumu Hasar Durumu Ödünç verilmez Ana kütüphane Geçerli Kütüphane Edinilen tarih Toplam ödünç verme sayısı Barkod Son görüntüleme tarihi Fiyatın geçerli olmaya başladığı tarih Koha materyal türü
        MEHMET TUZA PAKPEN MESLEKİ VE TEKNİK ANADOLU LİSESİ MEHMET TUZA PAKPEN MESLEKİ VE TEKNİK ANADOLU LİSESİ 24.08.2025   10434654 27.08.2025 27.08.2025 Kitaplar
Gemini Bilgi Teknolojileri A.Ş. tarafından düzenlenmiştir.